| 000 | 00900nam a2200229 a 4500 | ||
|---|---|---|---|
| 001 | BRCA_2912 | ||
| 005 | 20190320204026.0 | ||
| 008 | 121208s1907----gw-a---###---#000-0#ger-u | ||
| 050 | 4 |
_aF1230 _b.C67 1907 |
|
| 100 | 1 |
_aCortes, Hernando _d1485-1547 _98103 |
|
| 245 | 1 | 0 |
_aDie Eroberung von Mexiko _bDrei eigenhändige Berichte _cvon Ferdinand Cortez an kaiser Karl V. ; Bearbeitet von Dr. Ernst Schultze. |
| 260 |
_aHamburg _bIm Gutenberg-Verlag Dr. E. Schultze _c1907 |
||
| 300 |
_a641 p. _bil., 6 láminas _c23 cm. |
||
| 440 | 0 |
_aBibliothek Wertvoller Memoiren _n4 _98104 |
|
| 500 | _aB46 | ||
| 600 | 1 | 4 |
_aCarlos _cRey de España y V Emperador de Alemania _d1500-1558 _xCorrespondencia, memorias, etc. _98105 |
| 600 | 1 | 4 |
_aCortes, Hernando _d1485-1547 _xCorrespondencia, memorias, etc. _97968 |
| 651 | 4 |
_aMéxico _xHistoria _9614 |
|
| 700 | 1 |
_aSchultze, Ernst _eed _98106 |
|
| 902 | _aGFM | ||
| 942 |
_2lcc _cB |
||
| 999 |
_c2651 _d2651 |
||